Pays avec le plus de villes de plus de 100 000 habitants - Statistiques

Statistiques générales
  • Ce quiz a été pris 82 fois
  • Le résultat moyen est 18 sur 20
Statistiques - réponses
Rang Pays Nombre de Villes % Correct
1 Chine 650
100%
2 États-Unis 330
100%
3 Inde 300
100%
4 Brésil 250
96%
9 France 75
96%
6 Japon 170
96%
5 Russie 190
96%
8 Allemagne 80
93%
12 Espagne 60
93%
7 Indonésie 160
92%
11 Italie 65
92%
13 Mexique 60
92%
10 Royaume-Uni 70
92%
18 Canada 35
91%
14 Turquie 55
81%
15 Pologne 45
80%
20 Nigeria 35
78%
16 Iran 45
74%
19 Philippines 35
69%
17 Ukraine 40
69%
Aucun quiz correspondant
Distribution des résultats
% des personnes avec chaque résultat
Percentile par nombre de réponses
Votre historique - résultats
Vous n’avez pas pris ce quiz